Unilzation of non timber forest prodct in the samrong community forest of samrong commune tramka district takeo province, ការប្រើប្រាស់ផល-អនុផលព្រៃឈើនៅក្នុងសហគមន៍ព្រៃឈើសំរោង ឃុំសំរោង ស្រុកត្រាំកក់ ខេត្តតាកែវ (Record no. 3428)

000 -LEADER
fixed length control field 00737nam a22001577a 4500
003 - CONTROL NUMBER IDENTIFIER
control field OSt
005 - DATE AND TIME OF LATEST TRANSACTION
control field 20151114142505.0
008 - FIXED-LENGTH DATA ELEMENTS--GENERAL INFORMATION
fixed length control field 151114b xxu||||| |||| 00| 0 eng d
040 ## - CATALOGING SOURCE
Transcribing agency RUA
082 ## - DEWEY DECIMAL CLASSIFICATION NUMBER
Classification number FOR SAM 2013 B142 Or.1
100 ## - MAIN ENTRY--PERSONAL NAME
9 (RLIN) 3680
Personal name SAM, SREY NICH.
245 ## - TITLE STATEMENT
Title Unilzation of non timber forest prodct in the samrong community forest of samrong commune tramka district takeo province, ការប្រើប្រាស់ផល-អនុផលព្រៃឈើនៅក្នុងសហគមន៍ព្រៃឈើសំរោង ឃុំសំរោង ស្រុកត្រាំកក់ ខេត្តតាកែវ
260 ## - PUBLICATION, DISTRIBUTION, ETC. (IMPRINT)
Place of publication, distribution, etc. Phnom Penh
Name of publisher, distributor, etc. RUA
Date of publication, distribution, etc. 2013
300 ## - PHYSICAL DESCRIPTION
Extent xii, 52p.
Other physical details ill.
Dimensions 29cm.
942 ## - ADDED ENTRY ELEMENTS (KOHA)
Source of classification or shelving scheme
Koha item type FOR
Holdings
Price effective from Date last seen Permanent Location Not for loan Date acquired Source of classification or shelving scheme Koha item type Lost status Withdrawn status Total Renewals Date last checked out Total Checkouts Shelving location Damaged status Barcode Current Location Full call number
2015-11-142015-11-14Library Block B 2015-11-14 FOR     B142 RUA027084Library Block BFOR SAM 2013 B142 Or.1
2015-11-142018-08-06Library Block B 2015-11-14 FOR   2018-08-042B142 RUA027308Library Block BFOR SAM 2013 B142 Or.2
2015-11-142016-08-12Library Block B 2015-11-14 FOR  22016-07-273B142 RUA027236Library Block BFOR SAM 2013 B142 Or.3
2015-11-142015-11-14Library Block B 2015-11-14 FOR     B142 RUA027164Library Block BFOR SAM 2013 B142 Or.4
2015-11-142023-08-31Library Block B 2015-11-14 FOR   2023-08-217B142 RUA027092Library Block BFOR SAM 2013 B142 Or.5
2015-11-142023-02-08Library Block B 2015-11-14 FOR   2023-01-271B142 RUA027017Library Block BFOR SAM 2013 B142 Or.6
2015-11-142015-11-14Library Block B 2015-11-14 FOR     B142 RUA027018Library Block BFOR SAM 2013 B142 Or.7
2015-11-142019-05-28Library Block B 2015-11-14 FOR   2019-02-081B142 RUA027445Library Block BFOR SAM 2013 B142 Or.8
2020-04-292020-04-29Library Block B 2020-04-29 FOR     B142 A064659Library Block BFOR SAM 2013 B142 Or.9
មជ្ឈមណ្ឌលឯការនៃសាកលវិទ្យាល័យភូមិន្ទកសិកម្មចំការដូង

Powered by Koha